Las revueltas árabes en tiempos de transición digital: mitos y realidades /

En el presente se exponen los alcances de la cibernética en un contexto árabe. La llamada "primavera árabe" ha inspirado numerosos análisis sobre los efectos de las redes sociales en la constitución de movimientos de protesta antidictatoriales, especialmente marcados por nuevas generacione...

全面介紹

Guardado en:
書目詳細資料
主要作者: Gonzalez-Quijano, Yves
其他作者: Hirschel, Dierk
格式: Texto
主題:
標簽: 添加標簽
沒有標簽, 成為第一個標記此記錄!

MARC

LEADER 00000 a a2200000 04500
001 44114
003
040
100 |a Gonzalez-Quijano, Yves  
245 |a Las revueltas árabes en tiempos de transición digital:   |b mitos y realidades /  |c Yves Gonzalez-Quijano ; Dierk Hirschel 
520 |a En el presente se exponen los alcances de la cibernética en un contexto árabe. La llamada "primavera árabe" ha inspirado numerosos análisis sobre los efectos de las redes sociales en la constitución de movimientos de protesta antidictatoriales, especialmente marcados por nuevas generaciones de nativos digitales. Expresiones como "revolución Facebook" abundan en la prensa. Sin embargo, detrás de conceptos abarcativos como "mundo árabe", se despliegan realidades políticas, económicas y sociológicas muy diferentes. Además, las redes sociales -con impactos muy variables según los países- conviven con cadenas como Al-Jazeera, lo que genera un nuevo "ecosistema mediático" que contribuyó a construir y difundir el gran relato colectivo de la revolución democrática árabe.  
590 |a SJB/NOVIEMBRE2012  
650 |a 1.INTERNET  
650 |a 2.PAISES ARABES  
650 |a 3.MODERNIZACION  
650 |a 4.CIBERNETICA  
650 |a 5.TECNOLOGIA  
650 |a 6.ASPECTOS POLITICOS  
650 |a 7.REDES DE TELECOMUNICACIONES  
650 |a 8.MEDIOS DE COMUNICACION DE MASAS  
700 |a Hirschel, Dierk  
773 |g número235 ( , 2011), páginas 110-121  
999 |c 31019  |d 31019